Electronic Age Librainship/ (Record no. 207687)

MARC details
000 -LEADER
fixed length control field 00600nam a22001817a 4500
005 - DATE AND TIME OF LATEST TRANSACTION
control field 20241213125254.0
010 ## - LCCN (DPL NO)
LC control number ENG-143050
020 ## - INTERNATIONAL STANDARD BOOK NUMBER
Terms of availability 1495.00
International Standard Book Number 9789381162477
035 ## - SYSTEM CONTROL NUMBER
System control number EN-126582
037 ## - SOURCE OF ACQUISITION
Source of stock number/acquisition DBAD/PUB
082 ## - DEWEY DECIMAL CLASSIFICATION NUMBER
Classification number 020.3
100 ## - MAIN ENTRY--PERSONAL NAME
Personal name Dillip K. Swain
245 ## - TITLE STATEMENT
Title Electronic Age Librainship/
Statement of responsibility, etc by Dillip K. Swain
260 ## - PUBLICATION, DISTRIBUTION, ETC. (IMPRINT)
Place of publication, distribution, etc Darya Ganj
Name of publisher, distributor, etc Ane Books Pvt. Ltd.
Date of publication, distribution, etc 2012
270 ## - ADDRESS
City Darya Ganj
Address 4821,Parwana Bhawan, 1st Floor, 24 Ansari Road
Postal code 110002
Telephone number 9123276843
-- 9123276863
Electronic mail address Kapoor@anebooks.com
300 ## - PHYSICAL DESCRIPTION
Extent 343p.
Dimensions 24cm(hpk)
942 ## - ADDED ENTRY ELEMENTS (KOHA)
Source of classification or shelving scheme Dewey Decimal Classification
Item type English Books
Classification part 020.3
Call number suffix DIL
Holdings
Withdrawn status Lost status Not for loan Collection code Home library Current library Date acquired Source of acquisition Cost, normal purchase price Full call number Barcode Copy number Cost, replacement price Koha item type
    Not For Loan Non-fiction Central Library Central Library 13/12/2024 DBAD 1495.00 020.3 DIL EN-126582 1 1495.00 English Books

© Delhi Public Library
Hit Counter
free hit counter